Medical-surgical nursing : (Record no. 357671)
[ view plain ]
| 000 -LEADER | |
|---|---|
| fixed length control field | 00757nam a2200277Ia 4500 |
| 008 - FIXED-LENGTH DATA ELEMENTS--GENERAL INFORMATION | |
| fixed length control field | 180523s9999 xx 000 0 und d |
| 020 ## - INTERNATIONAL STANDARD BOOK NUMBER | |
| International Standard Book Number | 978-981-2596-49-9 |
| 050 ## - LIBRARY OF CONGRESS CALL NUMBER | |
| Classification number | MAIN RT 41 |
| 050 ## - LIBRARY OF CONGRESS CALL NUMBER | |
| Item number | .I36 2006 c.2 |
| 100 ## - MAIN ENTRY--PERSONAL NAME | |
| Personal name | Ignatavicius, Donna D. |
| 245 #0 - TITLE STATEMENT | |
| Title | Medical-surgical nursing : |
| 245 #0 - TITLE STATEMENT | |
| Remainder of title | critical thinking for collaborative care / |
| 245 #0 - TITLE STATEMENT | |
| Statement of responsibility, etc | Donna D. Ignatavicius, M. Linda Workman. |
| 250 ## - EDITION STATEMENT | |
| Edition statement | 5th Edition |
| 260 ## - PUBLICATION, DISTRIBUTION, ETC. (IMPRINT) | |
| Place of publication, distribution, etc | Singapore : |
| 260 ## - PUBLICATION, DISTRIBUTION, ETC. (IMPRINT) | |
| Name of publisher, distributor, etc | Elsevier, |
| 260 ## - PUBLICATION, DISTRIBUTION, ETC. (IMPRINT) | |
| Date of publication, distribution, etc | 2006 |
| 300 ## - PHYSICAL DESCRIPTION | |
| Extent | 1 volume (various paging) : |
| 300 ## - PHYSICAL DESCRIPTION | |
| Other physical details | illustrations ; |
| 300 ## - PHYSICAL DESCRIPTION | |
| Dimensions | 26 cm. |
| 500 ## - GENERAL NOTE | |
| General note | Includes index. |
| 650 ## - SUBJECT ADDED ENTRY--TOPICAL TERM | |
| Topical term or geographic name as entry element | Nursing care. |
| 650 ## - SUBJECT ADDED ENTRY--TOPICAL TERM | |
| Topical term or geographic name as entry element | Nursing. |
| 650 ## - SUBJECT ADDED ENTRY--TOPICAL TERM | |
| General subdivision | Nursing process. |
| 650 ## - SUBJECT ADDED ENTRY--TOPICAL TERM | |
| General subdivision | Surgical nursing. |
| Withdrawn status | Lost status | Damaged status | Home library | Current library | Shelving location | Date acquired | Total Checkouts | Full call number | Barcode | Date last seen | Price effective from | Koha item type |
|---|---|---|---|---|---|---|---|---|---|---|---|---|
| South Mansfield College | South Mansfield College | 06/18/2008 | MAIN RT 41 .I36 2006 c.2 | SMC03619 | 05/23/2018 | 05/23/2018 |